000 01683nam a2200457 a 4500
001 ebr10538336
003 CaPaEBR
006 m u
007 cr cn|||||||||
008 951031s1995 enka sb 001 0 eng d
010 _z 95220236
020 _z0948462736
020 _z0948462744
020 _z9780948462740
020 _z9781780230047 (e-book)
040 _aCaPaEBR
_cCaPaEBR
035 _a(OCoLC)787845159
043 _ae-uk---
050 1 4 _aPR149.C67
_bH37 1995eb
082 0 4 _a809/.93355
_220
100 1 _aHarvey, J. R.
_q(John Robert)
245 1 0 _aMen in black
_h[electronic resource] /
_cJohn Harvey.
260 _aLondon :
_bReaktion Books,
_c1995.
300 _a280 p. :
_bill.
490 1 _aPicturing history
500 _a"First published in paperback 1997."--T.p. verso.
504 _aIncludes bibliographical references (p. 258-275) and index.
533 _aElectronic reproduction.
_bPalo Alto, Calif. :
_cebrary,
_d2013.
_nAvailable via World Wide Web.
_nAccess may be limited to ebrary affiliated libraries.
650 0 _aEnglish literature
_xHistory and criticism.
650 0 _aClothing and dress in literature.
650 0 _aBlack in literature.
650 0 _aMen in literature.
650 0 _aMan-woman relationships in literature.
650 0 _aSymbolism of colors in literature.
650 0 _aClothing and dress
_xPsychology.
650 0 _aCostume
_zGreat Britain
_xHistory.
655 7 _aElectronic books.
_2local
710 2 _aebrary, Inc.
830 0 _aPicturing history.
856 4 0 _uhttp://site.ebrary.com/lib/rucke/Doc?id=10538336
_zAn electronic book accessible through the World Wide Web; click to view
999 _c134401
_d134401